[Event "Brasschaat op"]
[Site "Brasschaat"]
[Date "2023.08.25"]
[Round "7"]
[White "Van Mechelen, Jan"]
[Black "Beukema, Constantijn"]
[Result "0-1"]
[WhiteElo "2144"]
[BlackElo "2005"]
[PlyCount "74"]
[EventDate "2023.08.18"]
[EventType "swiss"]
[EventRounds "9"]
[EventCountry "BEL"]
[SourceTitle "EXT 2024"]
[Source "ChessBase"]
[SourceDate "2023.10.10"]
[SourceVersion "1"]
[SourceVersionDate "2023.10.10"]
[SourceQuality "1"]

1. d4 f5 2. Nc3 Nf6 3. Bf4 e6 4. e3 Nc6 5. a3 h6 6. d5 exd5 7. Nxd5 d6 8. Bc4 g5 9. Bg3 h5 10. h4 g4 11. Ne2 Bg7 12. c3 Ne5 13. Ba2 Ne4 14. Ndf4 c6 15. Be6 Bxe6 16. Nxe6 Qd7 17. Nxg7+ Qxg7 18. Bf4 0-0-0 19. Ng3 Nxg3 20. Bxg3 Rhe8 21. Qc2 Qf7 22. 0-0-0 d5 23. Qa4 a6 24. Qd4 Ng6 25. Rhe1 b5 26. f3 Kb7 27. Bf2 Ne5 28. f4 Nd7 29. e4 fxe4 30. Qa7+ Kc8 31. g3 Qf5 32. Qxa6+ Kc7 33. Qa5+ Kd6 34. Be3 Ke6 35. Qa6 Rc8 36. a4 bxa4 37. Rd4 Nc5 0-1

[Event "FICGS class C 000291 email"]
[Site "FICGS email"]
[Date "2021.04.26"]
[Round "1"]
[White "Trigance, Emile"]
[Black "Van Mechelen, Jan"]
[Result "1-0"]
[WhiteElo "1695"]
[BlackElo "1689"]
[PlyCount "47"]
[EventDate "2021.??.??"]
[EventType "tourn (corr)"]
[EventRounds "4"]
[SourceTitle "Corr 2022"]
[Source "ChessBase"]
[SourceDate "2021.10.24"]
[SourceVersion "1"]
[SourceVersionDate "2021.10.24"]
[SourceQuality "1"]

1. e4 e5 2. f4 exf4 3. Nf3 g5 4. h4 g4 5. Ne5 d6 6. Nxg4 Nf6 7. Nf2 Rg8 8. d4 Bh6 9. Nc3 Nc6 10. Ne2 Ng4 11. Qd3 Nxf2 12. Kxf2 Qf6 13. c3 Bg4 14. Ng1 0-0-0 15. Be2 Kb8 16. Nf3 Bxf3 17. Bxf3 Rg3 18. b4 Rdg8 19. a4 Ne7 20. a5 Ng6 21. Qb5 a6 22. e5 Rxf3+ 23. gxf3 axb5 24. exf6 1-0

[Event "FICGS no engines 00 email"]
[Site "FICGS email"]
[Date "2021.04.09"]
[Round "1"]
[White "Van Mechelen, Jan"]
[Black "Marcel, Alexis"]
[Result "1-0"]
[WhiteElo "1689"]
[BlackElo "1284"]
[PlyCount "43"]
[EventDate "2021.??.??"]
[EventType "swiss (corr)"]
[EventRounds "1"]
[SourceTitle "Corr 2022"]
[Source "ChessBase"]
[SourceDate "2021.10.24"]
[SourceVersion "1"]
[SourceVersionDate "2021.10.24"]
[SourceQuality "1"]

1. e4 g6 2. d4 Bg7 3. Nc3 e6 4. Be3 Ne7 5. f4 0-0 6. Nf3 f5 7. e5 c6 8. Bd3 d5 9. Ne2 Nd7 10. 0-0 a6 11. c3 b6 12. Kh1 Bb7 13. Bf2 b5 14. Bh4 Qe8 15. a4 Nb6 16. a5 Nc4 17. Qc1 h6 18. b3 Nxa5 19. Rxa5 Qd7 20. Bxe7 Qxe7 21. b4 Kf7 22. Qe1 1-0

[Event "FICGS rapid C 000260 email"]
[Site "FICGS email"]
[Date "2021.03.26"]
[Round "1"]
[White "Leurette, Marc Antoine"]
[Black "Van Mechelen, Jan"]
[Result "0-1"]
[WhiteElo "1620"]
[BlackElo "1689"]
[PlyCount "100"]
[EventDate "2021.??.??"]
[EventType "tourn (rapid)"]
[EventRounds "4"]
[SourceTitle "Corr 2022"]
[Source "ChessBase"]
[SourceDate "2021.10.24"]
[SourceVersion "1"]
[SourceVersionDate "2021.10.24"]
[SourceQuality "1"]

1. e4 e6 2. d4 d5 3. Nc3 Nf6 4. e5 Nfd7 5. Nf3 c5 6. Bb5 Nc6 7. Be3 cxd4 8. Nxd4 Ndxe5 9. Nxc6 Nxc6 10. 0-0 Be7 11. Qf3 0-0 12. Bxc6 bxc6 13. Bd4 c5 14. Be5 Ba6 15. Rfd1 Qb6 16. b3 Bd6 17. Bxd6 Qxd6 18. Na4 Qc7 19. g3 c4 20. Qe3 cxb3 21. cxb3 Bb5 22. Rdc1 Qd6 23. Qd4 Bxa4 24. Qxa4 a5 25. Rc6 Qb4 26. Rac1 Qxa4 27. bxa4 g6 28. h4 Rfb8 29. R6c5 Rb2 30. Rc8+ Rxc8 31. Rxc8+ Kg7 32. Ra8 Rxa2 33. Rxa5 h5 34. Kg2 d4 35. Kf1 d3 36. Ke1 Kf6 37. Ra7 e5 38. Ra6+ Kf5 39. Ra7 f6 40. Ra5 Ke4 41. Ra6 f5 42. Rxg6 Re2+ 43. Kf1 Kf3 44. Rd6 Rxf2+ 45. Ke1 Re2+ 46. Kd1 e4 47. a5 Ra2 48. a6 Kxg3 49. Rf6 e3 50. Rxf5 Ra1# 0-1

[Event "FICGS rapid C 000260 email"]
[Site "FICGS email"]
[Date "2021.03.26"]
[Round "1"]
[White "Van Mechelen, Jan"]
[Black "Benone, Mateia"]
[Result "1-0"]
[WhiteElo "1689"]
[BlackElo "1749"]
[PlyCount "31"]
[EventDate "2021.??.??"]
[EventType "tourn (rapid)"]
[EventRounds "4"]
[SourceTitle "Corr 2022"]
[Source "ChessBase"]
[SourceDate "2021.10.24"]
[SourceVersion "1"]
[SourceVersionDate "2021.10.24"]
[SourceQuality "1"]

1. c4 e5 2. Nc3 Nf6 3. Nf3 Nc6 4. g3 d5 5. cxd5 Nxd5 6. Bg2 Bb4 7. Nxe5 Nxe5 8. Nxd5 Bd6 9. 0-0 c6 10. Nc3 0-0 11. d4 Ng6 12. e4 Be6 13. Be3 Bc7 14. Qc2 Rc8 15. Rad1 Ne7 16. Qb1 1-0

[Event "FICGS class C 000290 email"]
[Site "FICGS email"]
[Date "2021.03.18"]
[Round "1"]
[White "Van Mechelen, Jan"]
[Black "Kalistratov, Aleksandr"]
[Result "0-1"]
[WhiteElo "1689"]
[BlackElo "1875"]
[PlyCount "36"]
[EventDate "2021.??.??"]
[EventType "tourn (corr)"]
[EventRounds "4"]
[SourceTitle "Corr 2022"]
[Source "ChessBase"]
[SourceDate "2021.10.24"]
[SourceVersion "1"]
[SourceVersionDate "2021.10.24"]
[SourceQuality "1"]

1. e4 c5 2. Nf3 Nc6 3. Bb5 g6 4. 0-0 Bg7 5. Re1 e5 6. Bxc6 dxc6 7. d3 Qe7 8. Nbd2 Nh6 9. a4 Be6 10. a5 0-0 11. Nc4 f6 12. Qe2 Qc7 13. Be3 b6 14. h3 Rfe8 15. Ra3 Nf7 16. Rea1 b5 17. Ncd2 Bf8 18. c4 f5 0-1

[Event "FICGS rapid B 000358 email"]
[Site "FICGS email"]
[Date "2021.03.09"]
[Round "1"]
[White "Trigance, Emile"]
[Black "Van Mechelen, Jan"]
[Result "1/2-1/2"]
[WhiteElo "1695"]
[BlackElo "1689"]
[PlyCount "52"]
[EventDate "2021.??.??"]
[EventType "tourn (rapid)"]
[EventRounds "6"]
[SourceTitle "Corr 2022"]
[Source "ChessBase"]
[SourceDate "2021.10.24"]
[SourceVersion "1"]
[SourceVersionDate "2021.10.24"]
[SourceQuality "1"]

1. c4 Nf6 2. Nc3 g6 3. g3 Bg7 4. Bg2 0-0 5. Nf3 c6 6. 0-0 d5 7. cxd5 cxd5 8. d4 Ne4 9. Ne5 Nxc3 10. bxc3 Nd7 11. f4 Nxe5 12. fxe5 e6 13. Be3 Bd7 14. Qd2 Bb5 15. Bg5 Qa5 16. Be7 Rfe8 17. Bb4 Qa6 18. Rf2 Rac8 19. Bf1 Bc4 20. e3 Bxf1 21. Raxf1 Rc7 22. Qe2 Qxe2 23. Rxe2 Bf8 24. Bxf8 Rxf8 25. Rc2 Rfc8 26. Rcf2 Rd7 1/2-1/2

[Event "FICGS rapid B 000357 email"]
[Site "FICGS email"]
[Date "2021.02.01"]
[Round "1"]
[White "Van Mechelen, Jan"]
[Black "Capp, Tom"]
[Result "1-0"]
[WhiteElo "1714"]
[BlackElo "1700"]
[PlyCount "47"]
[EventDate "2021.??.??"]
[EventType "tourn (rapid)"]
[EventRounds "6"]
[SourceTitle "Corr 2022"]
[Source "ChessBase"]
[SourceDate "2021.10.24"]
[SourceVersion "1"]
[SourceVersionDate "2021.10.24"]
[SourceQuality "1"]

1. c4 e5 2. Nc3 Bb4 3. e4 Nf6 4. g3 d6 5. Nge2 Nc6 6. Bg2 Bg4 7. h3 Bxe2 8. Nxe2 a6 9. 0-0 Nd4 10. Nxd4 exd4 11. d3 b5 12. a3 Ba5 13. b4 Bb6 14. e5 dxe5 15. Bc6+ Nd7 16. c5 Ba7 17. Bxa8 Qxa8 18. Qg4 g6 19. Bh6 f5 20. Qd1 f4 21. gxf4 exf4 22. Re1+ Kd8 23. Qe2 Re8 24. Qxe8# 1-0

[Event "FICGS class C 000288 email"]
[Site "FICGS email"]
[Date "2021.01.13"]
[Round "1"]
[White "Sorcinelli, Andrea"]
[Black "Van Mechelen, Jan"]
[Result "1-0"]
[WhiteElo "1684"]
[BlackElo "1714"]
[PlyCount "55"]
[EventDate "2021.??.??"]
[EventType "tourn (corr)"]
[EventRounds "4"]
[SourceTitle "Corr 2022"]
[Source "ChessBase"]
[SourceDate "2021.10.24"]
[SourceVersion "1"]
[SourceVersionDate "2021.10.24"]
[SourceQuality "1"]

1. e4 e6 2. d4 d5 3. Nc3 Bb4 4. e5 c5 5. a3 Bxc3+ 6. bxc3 Qa5 7. Bd2 Qa4 8. Qb1 c4 9. Ne2 Nc6 10. Ng3 Bd7 11. Nh5 g6 12. Ng3 0-0-0 13. Qb2 f6 14. exf6 Nxf6 15. Be2 h5 16. h4 Rdf8 17. Rb1 b6 18. 0-0 Nd8 19. Rfe1 Nf7 20. Bf4 Rfg8 21. Qc1 Nh7 22. Rb4 Qc6 23. Ne4 a5 24. Rxc4 dxc4 25. Bf3 Qa4 26. Bh2 Bc6 27. Qf4 Rf8 28. Qc7# 1-0

[Event "FICGS theme 0002 email"]
[Site "FICGS email"]
[Date "2020.12.28"]
[Round "1"]
[White "Javier, Christian"]
[Black "Van Mechelen, Jan"]
[Result "1-0"]
[WhiteElo "1800"]
[BlackElo "1715"]
[PlyCount "51"]
[EventDate "2020.??.??"]
[EventType "swiss (corr)"]
[EventRounds "1"]
[SourceTitle "Corr 2022"]
[Source "ChessBase"]
[SourceDate "2021.10.24"]
[SourceVersion "1"]
[SourceVersionDate "2021.10.24"]
[SourceQuality "1"]

1. e4 e5 2. Bc4 Nf6 3. Nc3 Nxe4 4. Qh5 Nd6 5. Qxe5+ Qe7 6. Qxe7+ Bxe7 7. Be2 Nf5 8. Nf3 c6 9. g4 Nh4 10. Nxh4 Bxh4 11. Ne4 Be7 12. d4 d5 13. Ng3 g6 14. Bh6 Bf8 15. Bxf8 Kxf8 16. h4 h6 17. Kd2 Kg7 18. f3 b6 19. a4 Ba6 20. a5 Bxe2 21. Nxe2 Nd7 22. Nf4 b5 23. Rae1 Rhe8 24. h5 Nf8 25. hxg6 fxg6 26. Kc3 1-0

[Event "FICGS theme 0002 email"]
[Site "FICGS email"]
[Date "2020.12.28"]
[Round "1"]
[White "Tedoldi, Guido"]
[Black "Van Mechelen, Jan"]
[Result "1/2-1/2"]
[WhiteElo "1435"]
[BlackElo "1715"]
[PlyCount "76"]
[EventDate "2020.??.??"]
[EventType "swiss (corr)"]
[EventRounds "1"]
[SourceTitle "Corr 2022"]
[Source "ChessBase"]
[SourceDate "2021.10.24"]
[SourceVersion "1"]
[SourceVersionDate "2021.10.24"]
[SourceQuality "1"]

1. e4 e5 2. Bc4 Nf6 3. Nf3 Nc6 4. 0-0 Bc5 5. d3 d6 6. h3 a6 7. c3 Ba7 8. Be3 Bxe3 9. fxe3 0-0 10. Nbd2 Na5 11. b4 Nxc4 12. Nxc4 Be6 13. Ncd2 Nd7 14. d4 f6 15. d5 Bf7 16. c4 b6 17. a4 a5 18. b5 Nc5 19. Nh4 Be8 20. Nb3 Nxb3 21. Qxb3 Bd7 22. Nf5 Bxf5 23. exf5 Kh8 24. e4 Qe7 25. h4 Rg8 26. Rf3 Raf8 27. h5 h6 28. Kf2 Rf7 29. Rh1 Kh7 30. Qd1 Qd8 31. g4 Rgf8 32. Rg3 Re8 33. Qd2 Rg8 34. Kf3 Qd7 35. Qe3 Qe7 36. Qd2 Qd7 37. Qe3 Qe7 38. Qd2 Qd7 1/2-1/2

[Event "FICGS class D 000272 email"]
[Site "FICGS email"]
[Date "2020.12.23"]
[Round "1"]
[White "Ortiz, Jose"]
[Black "Van Mechelen, Jan"]
[Result "0-1"]
[WhiteElo "1730"]
[BlackElo "1715"]
[PlyCount "82"]
[EventDate "2020.??.??"]
[EventType "tourn (corr)"]
[EventRounds "6"]
[SourceTitle "Corr 2022"]
[Source "ChessBase"]
[SourceDate "2021.10.24"]
[SourceVersion "1"]
[SourceVersionDate "2021.10.24"]
[SourceQuality "1"]

1. Nf3 Nf6 2. d4 g6 3. Bg5 Bg7 4. Nc3 d5 5. e3 0-0 6. Bd3 c5 7. 0-0 cxd4 8. exd4 Nc6 9. Re1 Bg4 10. Be2 e6 11. Ne5 Bxe2 12. Rxe2 Rc8 13. a3 Qd6 14. Nb5 Qd8 15. Qd2 a6 16. Nxc6 Rxc6 17. b4 axb5 18. h4 Qc7 19. Rc1 Ne4 20. Qd3 Rc3 21. Qd1 Nxg5 22. hxg5 Rxa3 23. Re3 Rxe3 24. fxe3 Qc3 25. Qe2 Qxb4 26. g3 Qc4 27. Qf2 b4 28. Kh2 b3 29. Qd2 Rc8 30. c3 b5 31. Kh3 b4 32. Kg4 bxc3 33. Qf2 c2 34. Ra1 b2 35. Rf1 Rc7 36. Qf4 c1Q 37. Rf2 b1Q 38. Qf3 Qf5+ 39. Kh4 Qxf3 40. Rh2 Qxd4+ 41. exd4 Qh5# 0-1

[Event "FICGS class D 000272 email"]
[Site "FICGS email"]
[Date "2020.12.23"]
[Round "1"]
[White "Van Mechelen, Jan"]
[Black "Javier, Christian"]
[Result "0-1"]
[WhiteElo "1715"]
[BlackElo "1800"]
[PlyCount "62"]
[EventDate "2020.??.??"]
[EventType "tourn (corr)"]
[EventRounds "6"]
[SourceTitle "Corr 2022"]
[Source "ChessBase"]
[SourceDate "2021.10.24"]
[SourceVersion "1"]
[SourceVersionDate "2021.10.24"]
[SourceQuality "1"]

1. e4 e5 2. Nf3 Nc6 3. Bc4 Bc5 4. c3 Nf6 5. d4 exd4 6. b4 Bb6 7. e5 Ne4 8. Bd5 Nxc3 9. Nxc3 dxc3 10. Bg5 Ne7 11. 0-0 h6 12. Bh4 g5 13. Nxg5 Nxd5 14. Nf3 Ne7 15. Re1 a5 16. Qc1 axb4 17. Bf6 Rg8 18. Qxh6 Bc5 19. Ng5 d5 20. exd6 Bxd6 21. Qh5 Rxg5 22. Bxg5 c2 23. h4 Ra5 24. Re2 Bf5 25. Rae1 Rd5 26. Qf3 c6 27. g4 Bd3 28. Re3 Rxg5 29. hxg5 Bg6 30. Qf6 Kd7 31. Kg2 Nd5 0-1

[Event "FICGS class D 000272 email"]
[Site "FICGS email"]
[Date "2020.12.23"]
[Round "1"]
[White "Van Mechelen, Jan"]
[Black "Yague, Omar"]
[Result "0-1"]
[WhiteElo "1715"]
[BlackElo "1684"]
[PlyCount "58"]
[EventDate "2020.??.??"]
[EventType "tourn (corr)"]
[EventRounds "6"]
[SourceTitle "Corr 2022"]
[Source "ChessBase"]
[SourceDate "2021.10.24"]
[SourceVersion "1"]
[SourceVersionDate "2021.10.24"]
[SourceQuality "1"]

1. e4 e5 2. f4 exf4 3. Nf3 g5 4. Nc3 g4 5. Ne5 Qh4+ 6. g3 fxg3 7. Qxg4 Qxg4 8. Nxg4 d5 9. Ne5 Bd6 10. d4 f6 11. Nd3 Nc6 12. Be3 Bg4 13. Bg2 dxe4 14. Nxe4 gxh2 15. Nxd6+ cxd6 16. Rxh2 h5 17. Kd2 Nge7 18. Nf2 0-0-0 19. Rah1 Rhg8 20. Nxg4 hxg4 21. c3 Rg7 22. Rf1 f5 23. Rh6 d5 24. Rf4 Ng8 25. Rh5 Nce7 26. Rfxf5 Nxf5 27. Rxf5 Ne7 28. Re5 Rh8 29. Bf4 Ng6 0-1

[Event "Charleroi op"]
[Site "Roux"]
[Date "2019.07.29"]
[Round "4"]
[White "Van Mechelen, Jan"]
[Black "Ghyselen, Wouter"]
[Result "1/2-1/2"]
[WhiteElo "2218"]
[BlackElo "2078"]
[PlyCount "41"]
[EventDate "2019.07.27"]
[EventType "swiss"]
[EventRounds "9"]
[EventCountry "BEL"]
[SourceTitle "CBM 191 Extra"]
[Source "ChessBase"]
[SourceDate "2019.09.30"]
[SourceVersion "1"]
[SourceVersionDate "2019.09.30"]
[SourceQuality "1"]

1. e4 d6 2. Nc3 Nf6 3. g3 e5 4. Bg2 c6 5. Nge2 Be7 6. 0-0 0-0 7. a4 a5 8. h3 Na6 9. d4 Nb4 10. Be3 exd4 11. Nxd4 d5 12. exd5 Nfxd5 13. Nxd5 Nxd5 14. Bd2 Bf6 15. c3 Bxd4 16. cxd4 Qb6 17. Bc3 Be6 18. Re1 Rfd8 19. Qh5 Rd7 20. Bxd5 Rxd5 21. Re5 1/2-1/2

[Event "Charleroi op"]
[Site "Roux"]
[Date "2019.07.28"]
[Round "2"]
[White "Van Mechelen, Jan"]
[Black "Zamparo, Sergio"]
[Result "1-0"]
[WhiteElo "2218"]
[BlackElo "2031"]
[PlyCount "68"]
[EventDate "2019.07.27"]
[EventType "swiss"]
[EventRounds "9"]
[EventCountry "BEL"]
[SourceTitle "CBM 191 Extra"]
[Source "ChessBase"]
[SourceDate "2019.09.30"]
[SourceVersion "1"]
[SourceVersionDate "2019.09.30"]
[SourceQuality "1"]

1. e4 d6 2. d4 Nf6 3. Nc3 e5 4. Nge2 Be7 5. g3 0-0 6. Bg2 Nbd7 7. 0-0 c6 8. a4 a5 9. h3 Re8 10. Be3 exd4 11. Bxd4 Nc5 12. g4 Be6 13. f4 Nfd7 14. b3 f6 15. Ng3 Qc7 16. Kh1 Rad8 17. Qf3 Nb6 18. Qf2 Nbd7 19. Rae1 Na6 20. Nh5 Rf8 21. Nd1 Nb4 22. Ne3 Rde8 23. Rg1 g6 24. Ng3 d5 25. exd5 Nxd5 26. Nxd5 Bxd5 27. Bxd5+ cxd5 28. Qg2 Qc6 29. f5 Bc5 30. Rd1 Bxd4 31. Rxd4 Nb6 32. fxg6 hxg6 33. Nf5 Kh7 34. Qf2 g5 1-0

[Event "Charleroi op"]
[Site "Roux"]
[Date "2019.07.27"]
[Round "1"]
[White "Miulescu, Gabriel"]
[Black "Van Mechelen, Jan"]
[Result "1-0"]
[WhiteElo "2020"]
[BlackElo "2218"]
[PlyCount "109"]
[EventDate "2019.07.27"]
[EventType "swiss"]
[EventRounds "9"]
[EventCountry "BEL"]
[SourceTitle "CBM 191 Extra"]
[Source "ChessBase"]
[SourceDate "2019.09.30"]
[SourceVersion "1"]
[SourceVersionDate "2019.09.30"]
[SourceQuality "1"]

1. d4 Nf6 2. c4 g6 3. Nc3 Bg7 4. e4 d6 5. Bd3 Nc6 6. Nge2 Nd7 7. Bc2 e5 8. d5 Ne7 9. 0-0 a5 10. Rb1 0-0 11. Bg5 h6 12. Be3 f5 13. exf5 Nxf5 14. Ng3 Nf6 15. Nxf5 Bxf5 16. f3 h5 17. Qd2 b6 18. Bg5 Rf7 19. Rbe1 Qf8 20. h3 Nh7 21. Be3 h4 22. Ne4 Qe7 23. a3 Bf6 24. b4 axb4 25. axb4 Kh8 26. Ra1 Rff8 27. c5 bxc5 28. bxc5 Rg8 29. Rxa8 Rxa8 30. Rb1 Bxe4 31. Bxe4 Bg5 32. Bxg6 Rg8 33. cxd6 cxd6 34. Bxh7 Qxh7 35. Rb4 Bd8 36. Rg4 Rxg4 37. hxg4 h3 38. gxh3 Qxh3 39. Qh2 Qxh2+ 40. Kxh2 Kg7 41. Kg3 Kg6 42. Kf2 Be7 43. Ke2 Bf8 44. Kd3 Kf7 45. Kc4 Ke8 46. Kb5 Kd7 47. Bg5 Bg7 48. Kb6 Bh8 49. Bh6 Bf6 50. g5 Bd8+ 51. Kb7 Ba5 52. Bf8 Bb4 53. g6 Ke8 54. g7 Kf7 55. Kc6 1-0

[Event "Ghent Eastman op 42nd"]
[Site "Ghent"]
[Date "2019.07.23"]
[Round "8"]
[White "De Jong, Jasper"]
[Black "Van Mechelen, Jan"]
[Result "0-1"]
[WhiteElo "2110"]
[BlackElo "2218"]
[PlyCount "90"]
[EventDate "2019.07.20"]
[EventType "swiss"]
[EventRounds "9"]
[EventCountry "BEL"]
[SourceTitle "CBM 191 Extra"]
[Source "ChessBase"]
[SourceDate "2019.09.30"]
[SourceVersion "1"]
[SourceVersionDate "2019.09.30"]
[SourceQuality "1"]

1. e4 c5 2. c3 e6 3. d4 d5 4. e5 Nc6 5. Nf3 Bd7 6. a3 c4 7. Bg5 Nge7 8. Nbd2 Na5 9. Be2 Bc6 10. 0-0 Qd7 11. Bxe7 Bxe7 12. Ne1 Ba4 13. Qc1 0-0-0 14. Nc2 Kb8 15. Ne3 f5 16. exf6 gxf6 17. Bg4 f5 18. Bh3 Bd6 19. f4 Qc7 20. g3 h5 21. Qe1 h4 22. Bg2 hxg3 23. hxg3 Nb3 24. Nxb3 Bxb3 25. Rf3 Rh6 26. Qe2 Ba4 27. Nf1 Be8 28. Re3 Bh5 29. Qc2 Rg8 30. Rae1 Bf7 31. Qf2 Rgh8 32. Nd2 Bg8 33. Nf3 Qh7 34. Kf1 Be7 35. Ne5 Bf6 36. Ke2 Bxe5 37. Rxe5 Rh2 38. Kf1 Qg6 39. R1e2 Rh1+ 40. Bxh1 Rxh1+ 41. Kg2 Qh5 42. Qe3 Qh2+ 43. Kf3 Rf1+ 44. Rf2 Qh5+ 45. Kg2 Qh1# 0-1

[Event "Ghent Eastman op 42nd"]
[Site "Ghent"]
[Date "2019.07.22"]
[Round "5"]
[White "Van Mechelen, Jan"]
[Black "Van der Zwet, Bart"]
[Result "1-0"]
[WhiteElo "2218"]
[BlackElo "2096"]
[PlyCount "73"]
[EventDate "2019.07.20"]
[EventType "swiss"]
[EventRounds "9"]
[EventCountry "BEL"]
[SourceTitle "CBM 191 Extra"]
[Source "ChessBase"]
[SourceDate "2019.09.30"]
[SourceVersion "1"]
[SourceVersionDate "2019.09.30"]
[SourceQuality "1"]

1. Nf3 d5 2. c4 c6 3. g3 Nf6 4. Bg2 g6 5. cxd5 cxd5 6. d4 Bg7 7. Nc3 0-0 8. Ne5 b6 9. Bg5 Bb7 10. Bxf6 Bxf6 11. f4 Na6 12. 0-0 Nc7 13. Qa4 Bg7 14. Rac1 a6 15. e3 Qd6 16. Rf2 Qe6 17. Qd7 Bxe5 18. Qxe6 Nxe6 19. dxe5 Nc5 20. Rd2 e6 21. b4 Ne4 22. Bxe4 dxe4 23. Na4 b5 24. Nb6 Rfd8 25. Rd6 Rxd6 26. exd6 Rd8 27. d7 Kf8 28. Rc7 Bd5 29. a4 Ke7 30. Nc8+ Kf6 31. a5 Kg7 32. Nb6 Kf8 33. Ra7 Bc6 34. Rxa6 Bxd7 35. Ra7 Bc6 36. Rc7 Bd5 37. a6 1-0